000 00457nam a2200145Ia 4500
008 100122s9999 xx 000 0 und d
082 _b42883
_a823.08
100 _aशिरवळकर सुहास
245 _aकथा पोर्णिमा
260 _bगुरु पब्लिकेशन्स
_c1989
300 _a219
630 _aकथा पोर्णिमा
730 _aकथा पोर्णिमा
942 _cBOOK
999 _c423178
_d423175